| 000 | 00747nam a22002537a 4500 | ||
|---|---|---|---|
| 999 |
_c1658 _d1658 |
||
| 003 | AR-CdUCM | ||
| 008 | 190227b ||||| |||| 00| 0 spa d | ||
| 020 | _a8470531212 | ||
| 040 |
_aMUNICIPALIDAD PROVINCIAL DEL CUSCO _cBIBLIOTECA MUNICIPAL DEL CUSCO |
||
| 041 | _heng | ||
| 082 |
_a868.5 / _bC73 |
||
| 100 |
_aCohen, Leonard _96170 |
||
| 245 |
_aLa Energia de los Esclavos / _cCohen, Leonard |
||
| 260 |
_aMadrid : _bAlberto Corazon, _c1974. |
||
| 300 |
_a144 paginas ; _c23cm. |
||
| 500 | _aPoemas | ||
| 650 |
_aLiteratura _983 |
||
| 650 |
_aPoema _96104 |
||
| 650 |
_aNorteamericana en version original _96171 |
||
| 700 |
_aCohen, Leonard _96170 |
||
| 700 |
_aResines, Antonio _96172 |
||
| 942 |
_2ddc _cLIBROS |
||
| 945 |
_apjha _d2019-02-27 |
||